|
|
|
|
| LEADER |
00993nam a2200253 a 4500 |
| 001 |
000682497 |
| 003 |
CZ BrMZK |
| 005 |
20230511204716.0 |
| 008 |
030819s1985 xr f eng d |
| 015 |
|
|
|a cnb000011974
|
| 035 |
|
|
|a (OCoLC)39423677
|
| 040 |
|
|
|a BOA001
|b cze
|c BOA001
|
| 100 |
1 |
|
|a Štěpaník, Karel,
|d 1903-1970
|7 jk01131326
|4 aut
|
| 245 |
1 |
0 |
|a English literature from chartism to fabianism.
|n Part 1 /
|c Karel Štěpaník, Lidmila Pantůčková
|
| 250 |
|
|
|a 4. vyd.
|
| 260 |
|
|
|a Praha :
|b Státní pedagogické nakladatelství,
|c 1985
|
| 300 |
|
|
|a 209 s.
|
| 500 |
|
|
|a Rotaprint
|
| 700 |
1 |
|
|a Pantůčková, Lidmila,
|d 1923-2003
|7 jk01091675
|4 aut
|
| 710 |
2 |
|
|a Univerzita J.E. Purkyně v Brně.
|b Filozofická fakulta
|7 kn20010709347
|
| 910 |
|
|
|a BOA001
|b PK-N-0005.220,1-85
|
| 964 |
|
|
|a Literatura anglická - dějiny - r.1830-1884 - učebnice - školy vysoké
|
| 990 |
|
|
|a BK
|
| 996 |
6 |
|
|b 3119959056
|c PK-N-0005.220,1-85
|l MZK
|r Sklad / do 1 hodiny
|n 0
|w 000682497
|u 000010
|a 1
|e BOA001
|j MZK50
|s P
|